| 000 | 00568cam a22002291 4500 | ||
|---|---|---|---|
| 001 | sa 68005243 | ||
| 003 | DLC | ||
| 005 | 20260227112507.0 | ||
| 008 | 890317s1967 xx 000 0 benr | ||
| 010 | _asa 68005243 | ||
| 035 | _a(OCoLC)23559327 | ||
| 040 |
_aDLC _cMiU _dDLC |
||
| 042 | _apremarc | ||
| 043 | _aa-ii--- | ||
| 050 | 0 | 0 |
_aJQ220.L3 _bB6 |
| 100 | 1 |
_aBasu, Dakshiṇārañjana, _d1912- |
|
| 245 | 1 | 0 | _aBhāratera rāshṭrabhāshā. |
| 260 |
_a[n.p.] _c[1967] |
||
| 300 |
_a8, 117 p. _c23 cm. |
||
| 500 | _aRomanized. | ||
| 651 | 0 |
_aIndia _xLanguages |
|
| 999 |
_c80599 _d80599 |
||